2012 Movies by Poster Quiz Stats

Quiz Updated Sep 29, 2016

Challenge
Share
Tweet
Score 0/20 Timer 05:00
0 Plays Today
Hint Answer % Correct
Ted
95.4%
Life of Pi
94.1%
The Hunger Games
93.6%
The Hobbit: An Unexpected Journey
92.2%
The Avengers
87.4%
Men in Black 3
86.4%
21 Jump Street
85%
Brave
84.8%
Lincoln
81.3%
Django Unchained
79.9%
Hint Answer % Correct
The Amazing Spider-Man
76.3%
Skyfall
73.4%
Argo
67.9%
The Perks of Being a Wallflower
64.6%
Snow White and the Huntsman
58.8%
The Cabin in the Woods
55.4%
The Dark Knight Rises
54.3%
Looper
40.2%
The Woman in Black
39%
Prometheus
32.4%

You're not logged in!

Compare scores with friends on all Sporcle quizzes.
Join for Free
OR
Log In

You Might Also Like...

Show Comments

Extras

Top Quizzes Today


Score Distribution

Your Account Isn't Verified!

In order to create a playlist on Sporcle, you need to verify the email address you used during registration. Go to your Sporcle Settings to finish the process.

Report this User

Report this user for behavior that violates our Community Guidelines.

Details: